Countries that are Majority Muslim on a map - Statistics

General Stats
  • This quiz has been taken 30 times
  • The average score is 37 of 44
Answers on the Map
Answers color-coded by a green-red scale on the quiz's map according to % correct below.
 
Answer Stats
Continent Starting Letter Muslim % Number of Muslims Answer % Correct
Africa M 99.9% 36.3M Morocco
100%
Asia A 99.7% 37M Afghanistan
96%
Asia I 99.5% 82.5M Iran
92%
Asia I 99.1% 39.6M Iraq
92%
Africa T 99.5% 10M Tunisia
92%
Asia/Europe T 98% 84.4M Turkey
92%
Asia Y 99.1% 26.7M Yemen
92%
Africa A 97.9% 43.7M Algeria
88%
Asia B 90.8% 150.8M Bangladesh
88%
Asia I 87% 242.7M Indonesia
88%
Asia K 70.7% 2M Kuwait
88%
Africa L 96.6% 6.5M Libya
88%
Asia P 96.5% 240.7M Pakistan
88%
Asia Q 65.2% 1.5M Qatar
88%
Africa S 99.7% 11M Somalia
88%
Asia U 97.1% 30M Uzbekistan
88%
Europe A 82.1% 1.7M Albania
83%
Asia A 97.3% 10M Azerbaijan
83%
Africa C 98.3% 807K Comoros
83%
Africa D 96.9% 857K Djibouti
83%
Africa E 95.3% 90M Egypt
83%
Asia J 97.1% 10M Jordan
83%
Asia K 89.4% 5.8M Kyrgyzstan
83%
Asia L 61.2% 3.5M Lebanon
83%
Africa M 94.6% 17.5M Mali
83%
Africa M 99.1% 4M Mauritania
83%
Africa N 98.3% 21M Niger
83%
Africa N 51.1% 97M Nigeria
83%
Asia O 85.9% 2.4M Oman
83%
Asia S 92.7% 31.5M Saudi Arabia
83%
Africa S 96.6% 17.4M Senegal
83%
Africa S 90.7% 385M Sudan
83%
Asia S 92.8% 15M Syria
83%
Asia B 69.7% 1M Bahrain
79%
Africa C 55.1% 9M Chad
79%
Africa G 84.6% 10.5M Guinea
79%
Asia M 98.4% 374K Maldives
79%
Asia T 93% 5.6M Turkmenistan
79%
Asia B 75.1% 355K Brunei
75%
Asia T 96.4% 9M Tajikistan
75%
Africa B 62.7% 13.5M Burkina Faso
71%
Africa G 95.3% 2M Gambia
71%
Asia K 72% 13M Kazakhstan
71%
Africa S 78.5% 6M Sierra Leone
71%
No matching quizzes found
Score Distribution
Percent of People with Each Score
Percentile by Number Answered
Your Score History
You have not taken this quiz